| 000 | 01039nam a22003137a 4500 | ||
|---|---|---|---|
| 003 | CHAP | ||
| 005 | 20220329140818.0 | ||
| 008 | 971013s1972 r 00010 d | ||
| 010 | _a58011 | ||
| 011 | _a58983 | ||
| 035 | _a63140 | ||
| 040 | _cCHAP | ||
| 082 |
_a636.2 _bS5 |
||
| 100 | 0 | 0 |
_aSmith, C. V. _9106968 |
| 245 | _aSome environmental problems of livestock housing | ||
| 260 |
_aGeneva : _bWorld Meteorological Organization, _c1972 |
||
| 300 |
_a71 p. _b: ilus. |
||
| 490 |
_aTechnical note _v; 122 |
||
| 590 |
_aBATCH-UPD _b10 _c20130110 _lUCH01 _h0535 |
||
| 590 |
_aCONVERSION _b10 _c20130109 _lUCH01 _h1331 |
||
| 650 | 1 | 4 |
_aGanado _xAlojamiento. _944890 |
| 650 | 1 | 4 |
_aGanado _xEfecto del medio ambiente. _944907 |
| 830 | 0 |
_aTechnical note _v; 122 _9111897 |
|
| 901 | _aBK | ||
| 942 | _cLIBRO | ||
| 949 |
_a636.2 S5 _bBC _cLIBRO _d33724000097465 _eLIBRO _fc.3 _h54341 _i63140 _si |
||
| 949 |
_a636.2 S5 _bBC _cLIBRO _d33724000097473 _eLIBRO _fc.2 _h54340 _i63140 _si |
||
| 949 |
_a636.2 S5 _bBC _cLIBRO _d33724000097689 _eLIBRO _h54339 _i63140 _si |
||
| 999 |
_c58011 _d58011 |
||